Top 5 Songs On OK Computer (Radiohead) - Statistics

General Stats
  • This quiz has been taken 94 times
    74 since last reset
  • The average score is 5 of 5
Answer Stats
Hint Answer % Correct
394,941,479 Karma Police
100%
406,709,693 No Surprises
100%
171,408,117 Paranoid Android
98%
77,291,894 Let Down
95%
155,117,529 Exit Music (For A Film)
75%
No matching quizzes found
Score Distribution
Percent of People with Each Score
Percentile by Number Answered
Your Score History
You have not taken this quiz since the last reset